Top Ten Most Spoken Languages In The World - Statistics

General Stats
  • This quiz has been taken 101 times
  • The average score is 8 of 10
Answer Stats
Rank Total Answer % Correct
1 1.52B English
100%
2 1.14B Mandarin
99%
4 560M Spanish
98%
6 321M French
97%
5 422M Arabic
86%
8 264M Portuguese
86%
3 609M Hindi
83%
9 255M Russian
72%
10 232M Urdu
47%
7 273M Bengali
44%
No matching quizzes found
Score Distribution
Percent of People with Each Score
Percentile by Number Answered
Your Score History
You have not taken this quiz